000 00811nam a2200253Ia 4500
003 OSt
005 20220928121410.0
006 a|||||r|||| 00| 0
007 ta
008 220927b |||||||| |||| 00| 0 eng d
020 _c8621.5499999999993
024 _a124360
037 _b072, 02/09/2014, Classic Book Service
_cTextual
040 _aSDCL
_cSDCL
_beng
041 _2eng
_aeng
082 _aV1:19(zP)'P, Q3
100 _aDavis James W Ed.
_9451952
245 0 _aPsychology,strategy and conflict
_b Perceptions of insecurity in international relations.
260 _aLondon
_bRoutledge
_c2013
300 _axii;248p.
_ccm.
650 _aPsychology
942 _hV1:19(zP)'P, Q3
_cTEXL
_2CC
999 _c765939
_d765939